000 00603nam a22001937a 4500
005 20140915150028.0
010 _aENG-110812
020 _a9788171327577
_c995.00
035 _aEN-94344
037 _bDBAD/PUB
082 _a362.880820954
245 _aGender violence /
_cedited by Astha Bhanot...[et al]
260 _aJaipur
_bPointer Publishers
_c2013
270 _a807, Vyas Building, Chaura Rasta
_bJaipur
_e302003
300 _axi,259p.
_c22cm(Hb)
500 _aIncludes bibliographical references and index
700 _aBhanot, Astha
942 _2ddc
_cEN
_mGEN
_h362.880820954
999 _c88499
_d88499